|
|
|
|
| LEADER |
01062cam a2200241 7i4500 |
| 001 |
0000004710 |
| 005 |
20150315090000.0 |
| 020 |
0 |
0 |
|a 9251023271
|
| 035 |
0 |
0 |
|a 0097-17660
|
| 090 |
0 |
0 |
|a SH 1
|b .F2 1985
|
| 245 |
0 |
0 |
|a Inland fisheries in multiple-purpose river basin planning and development in tropical Asian countries :
|b three case studies
|c edited by T. Petr..
|
| 260 |
0 |
0 |
|a Rome:
|b Food and Agriculture Organization of the United Nations,
|c 1985..
|
| 300 |
# |
# |
|a 166p.:
|b ill.;
|c 30cm..
|
| 490 |
0 |
0 |
|a FAO fisheries technical paper;
|v 265.
|
| 650 |
0 |
0 |
|a Watershed --
|x Multiple use. --
|z Asi
|
| 650 |
0 |
0 |
|a Fisherie --
|x Case studies. --
|z Tropic
|
| 650 |
0 |
0 |
|a Fisherie --
|x Case studies. --
|z Asi
|
| 650 |
0 |
0 |
|a Freshwater fishe --
|z Asia.
|
| 650 |
0 |
0 |
|a Watershed --
|x Multiple use. --
|z Tropic
|
| 700 |
1 |
1 |
|a Petr, T.
|
| 830 |
0 |
0 |
|a Fisheries technical paper (Food and Agriculture Organization of the United Nations) ; no.265.
|
| 999 |
|
|
|a 0200004037
|b Book
|c Koleksi Prof. Madya Dr. Mohsin
|e KOLEKSI TERBUKA
|
| 999 |
|
|
|a 1000255441
|b Book
|c Open Shelf
|e KOLEKSI TERBUKA
|